| 000 | 00572nam a2200205 a 4500 | ||
|---|---|---|---|
| 001 | 13501 | ||
| 003 | CO-ViMGA | ||
| 008 | 141112s2004 ck r 000 u spa d | ||
| 020 | _a9589089186 | ||
| 040 |
_aCO-ViMGA _bspa _cCO-ViMGA |
||
| 082 | 0 | 4 | _a370.71 B746a |
| 100 | 1 |
_aBriones, Guillermo _95969 |
|
| 245 | 1 | 0 | _aAnalisis e interpretacion de datos |
| 260 |
_aSantafé de Bogotá : _bSECAB, _c1992 |
||
| 300 | _a150 P | ||
| 490 | _aSegunda edicion | ||
| 650 | 1 | 4 |
_aFORMACION PROFESIONAL DE MAESTROS _919675 |
| 650 | 1 | 4 |
_aInvestigación EDUCATIVA _950938 |
| 942 |
_2ddc _cBK |
||
| 999 |
_c24228 _d24228 |
||